000 01093nas a2200349 4500
001 BR2013007844
003 BR-BrBNA
005 20231205123026.0
007 ta
008 230509b bl.|||p| |||| 00| 00por d
040 _aBR-BrBNA
_bpor
_cBiblioteca Nacional de Agricultura
041 _a(En)
072 _aQ04; Q70
100 1 _aPodestá, R.
100 1 _aPagliosa, C.M.
100 1 _aVieira, M.A.
100 1 _aProvesi, J.G
100 1 _aAmante, E.R.
100 1 _aZeni, A.L.B.
100 1 _aRaitz, I.
100 1 _aRebelo, R.A.
245 1 _aIdentification of volatile compounds in thinning discards from plum trees (Prunus salicina Lindl.)cultivar Harry Pickstone
650 _aAMEIXA
650 _aANÁLISE QUÍMICA
650 _aÓLEO ESSENCIAL
650 _aFRUTICULTURA
650 _aCALORIMETRIA
773 0 _tCiência e Tecnologia de Alimentos (Brazil)
_xISSN 1678-457X
_g(Jul-Sep 2011), v. 31(3) p. 710-713
_wBR2013007844
856 4 0 _uhttp://www.scielo.br/pdf/cta/v31n3/a24v31n3.pdf
909 _a202311
_bLúcia
_c55
_dLúcia Elande
942 _2AGRIS
_n0
_cANA
999 _c231826
_d231826